| 000 | 00724cam a22002651 4500 | ||
|---|---|---|---|
| 001 | sa 65002361 | ||
| 003 | DLC | ||
| 005 | 20260227112116.0 | ||
| 008 | 830218s1964 ii b b 000 0 eng | ||
| 010 | _asa 65002361 | ||
| 025 | _aPL480:I-E-3475 | ||
| 035 | _a(OCoLC)9235617 | ||
| 040 |
_aDLC _cViU _dDLC |
||
| 042 | _apremarc | ||
| 050 | 0 | 0 |
_aGN315 _b.N4 |
| 100 | 1 | _aNegi, Balbir Singh. | |
| 245 | 1 | 0 |
_aAnthropography, _ba study of races & people of the world. |
| 250 | _a[1st ed.] | ||
| 260 |
_aAllahabad, _bKitab Mahal _c[1964] |
||
| 300 |
_aiv, 298 p. _bmaps. _c22 cm. |
||
| 490 | 0 |
_aGeographical series, _vno. 1 |
|
| 504 | _aBibliography: p. [294]-298. | ||
| 650 | 0 | _aEthnology. | |
| 650 | 0 |
_aEthnology _zIndia. |
|
| 999 |
_c62600 _d62600 |
||